000
00339 a2200157 4500
001
58101
020
_a
8501061360
040
_c
Anchieta - Pituba
100
_a
Andrade, Carlos Drummond de
240
1
0
_a
A rosa do povo
_l
por
245
1
0
_a
A rosa do povo
300
_a
238
362
0
_a
2001
650
4
_a
Poesia brasileira
942
_c
BK
999
_c
58101
_d
58101